[Event "IND-ch Senior Open 2019"]
[Site "Mazitar"]
[Date "2019.12.15"]
[Round "7.3"]
[White "Deepan Chakkravarthy J."]
[Black "Aravindh, Chithambaram VR."]
[Result "0-1"]
[WhiteElo "2535"]
[BlackElo "2605"]
[Annotator "TA"]
[PlyCount "74"]
[EventDate "2018.12.08"]
[EventType "swiss"]
[EventCountry "IND"]
[SourceTitle "playchess.com"]
[Source "ChessBase"]
[SourceQuality "1"]

{[%evp 16,74,1,-10,-20,-35,-30,-58,-7,0,0,-23,-5,-23,-21,-12,7,0,0,-30,-22,-27,-26,-24,-23,-44,-31,-31,-37,-50,-45,-44,-46,-92,-85,-95,-98,-97,-91,-89,-89,-94,-88,-106,-83,-84,-72,-77,-78,-89,-61,-188,-198,-229,-229,-378,-369,-535,-533,-29994,-29995]} 1. e4 c5 2. Nf3 d6 3. d4 cxd4 4. Nxd4 Nf6 5. Nc3 g6 6. g3 Nc6 7. Bg2 Nxd4 8. Qxd4 Bg7 9. Be3 O-O {B70: Sicilian Dragon: 6 g3 and 6 Be2 (without a later Be3)} 10. Qd2 Ng4 11. Bd4 e5 ({Black should play} 11... Bh6 $1 $15 12. Qd3 e5) 12. Be3 $1 $11 Be6 13. O-O {[#]} Qa5 $146 ({Predecessor:} 13... b5 14. Rad1 b4 15. Nd5 Bxd5 16. Qxd5 Nxe3 17. fxe3 {0-1 (52) Caruso,A (2141)-Sumets,A (2567) Trieste 2019}) 14. Rfd1 ({Of course not} 14. Qxd6 Nxe3 15. fxe3 Rad8 $17) 14... Rac8 15. a3 a6 16. Rac1 Rfd8 17. h3 Nxe3 18. Qxe3 Qc5 19. Qd2 h5 20. Qg5 Qb6 21. Rb1 Kh7 22. Rd3 Bh6 $36 {[%mdl 2048] White is under pressure.} 23. Qf6 Rd7 24. g4 hxg4 25. hxg4 {[#]} Qd8 $1 {[%cal Rd8f6]} ({Don't blunder} 25... Bxg4 $2 26. Nd5 $18 (26. Bh3 Rxc3 27. Rxc3 Bxh3 $18)) 26. Qxd8 Rdxd8 27. Bf3 Bc4 28. Rdd1 Kg7 29. Kg2 Rc6 30. a4 Rdc8 31. a5 Bg5 32. Ra1 Be6 33. Ra4 {[#]} (33. Be2 $15) 33... b5 $1 $19 {[%cal Rb5a4,Bb7b5,Bb5b4][%mdl 32]} 34. Raa1 b4 35. Na4 (35. Nd5 {was worth a try.} Rxc2 36. Nxb4 Rxb2 37. Nd3) 35... Rxc2 36. Rxd6 (36. Re1 {might work better.}) 36... Be3 37. Rxa6 Rxf2+ 0-1

[Event "IND-ch Senior Open 2019"]
[Site "Mazitar"]
[Date "2019.12.15"]
[Round "7.4"]
[White "Vaibhav, Suri"]
[Black "Ravi, Teja S."]
[Result "1-0"]
[WhiteElo "2597"]
[BlackElo "2455"]
[Annotator "TA"]
[PlyCount "50"]
[EventDate "2018.12.08"]
[EventType "swiss"]
[EventCountry "IND"]
[SourceTitle "playchess.com"]
[Source "ChessBase"]
[SourceQuality "1"]

{[%evp 12,50,10,6,12,5,17,11,22,27,28,22,27,26,26,27,28,21,22,27,20,16,37,33,27,26,35,33,49,37,62,22,93,85,80,73,80,59,103,113,178]} 1. e4 c6 2. d4 d5 3. exd5 cxd5 4. Bd3 Nc6 5. c3 Nf6 6. Bf4 Bg4 7. Qb3 e5 {B13: Caro-Kann: Exchange Variation and Panov-Botvinnik Attack} (7... Qd7 8. Nd2 e6 9. Ngf3 Bd6 10. Bxd6 Qxd6 11. O-O O-O 12. Rfe1 Rab8 13. Ne5 Bh5 14. Qa4 Qc7 15. Nb3 Nd7 16. Nxd7 Qxd7 17. Bb5 Rfc8 18. Bxc6 Qxc6 19. Qxa7 {½-½ (96) Anand,V (2767)-Mamedyarov,S (2774) Stavanger 2019}) 8. h3 Na5 9. Qc2 Bd1 $146 {The position is equal.} ({Predecessor:} 9... exf4 10. hxg4 Nxg4 11. Qe2+ Qe7 12. Nh3 f3 13. gxf3 Qxe2+ 14. Kxe2 Nf6 15. Nd2 {1-0 (37) Demchenko,A (2661)-Postny,E (2612) Fagernes 2019}) 10. Qxd1 exf4 11. Nf3 Bd6 12. Nbd2 O-O 13. O-O Re8 14. b4 Nc6 15. Qb3 Rc8 16. Rfe1 $36 {[%mdl 2048] White has good play.} Rc7 17. Rxe8+ Qxe8 18. a3 Re7 19. Rd1 Bc7 20. Qc2 g6 21. Nb3 Ne4 (21... Bd6 $11 {remains equal.}) 22. c4 $16 dxc4 23. Bxc4 Nd6 24. Bf1 a5 {[#]} 25. d5 $1 {[%cal Rd5c6]} Nd8 {Accuracy: White = 91%, Black = 30%.} (25... Nb8 $16) 1-0

[Event "IND-ch Senior Open 2019"]
[Site "Mazitar"]
[Date "2019.12.15"]
[Round "7.5"]
[White "Lalith Babu M R"]
[Black "Harshavardhan G B"]
[Result "1-0"]
[WhiteElo "2556"]
[BlackElo "2344"]
[Annotator "TA"]
[PlyCount "42"]
[EventDate "2018.12.08"]
[EventType "swiss"]
[EventCountry "IND"]
[SourceTitle "playchess.com"]
[Source "ChessBase"]
[SourceQuality "1"]

{[%evp 23,42,31,34,30,66,61,62,60,42,22,23,0,8,13,16,10,38,9,95,101,105]} 1. Nf3 Nf6 2. c4 e6 3. d4 Bb4+ 4. Bd2 Qe7 5. g3 Nc6 6. Nc3 Bxc3 7. Bxc3 Ne4 8. Rc1 O-O 9. Bg2 d6 10. d5 Nxc3 11. Rxc3 Nd8 12. O-O e5 13. c5 {E11: Bogo-Indian} f5 14. Qc2 Nf7 {[#]} 15. Rc1 $146 {White is slightly better.} ({Predecessor:} 15. cxd6 cxd6 16. Rc7 Qf6 17. Qc3 b6 18. Rc1 Ba6 19. e3 Rfc8 20. Rxc8+ Rxc8 21. Qxc8+ Bxc8 22. Rxc8+ {½-½ (36) Najer,E (2616)-Sturua,Z (2580) Linares 2001}) 15... Bd7 16. cxd6 cxd6 17. Nh4 g6 18. e4 $36 {[%mdl 2048] White is pushing.} fxe4 19. Qxe4 Ng5 20. Qe3 {White wants to play Rc7.} Nh3+ (20... Qf6 $1 $11) 21. Bxh3 $1 $16 Bxh3 {Accuracy: White = 80%, Black = 32%.} 1-0

[Event "IND-ch Senior Open 2019"]
[Site "Mazitar"]
[Date "2019.12.16"]
[Round "8.1"]
[White "Vaibhav, Suri"]
[Black "Akash G"]
[Result "1-0"]
[WhiteElo "2597"]
[BlackElo "2431"]
[Annotator "TA"]
[PlyCount "87"]
[EventDate "2018.12.08"]
[EventType "swiss"]
[EventCountry "IND"]
[SourceTitle "playchess.com"]
[Source "ChessBase"]
[SourceQuality "1"]

{[%evp 9,87,10,6,4,31,0,0,0,29,24,31,24,34,26,21,7,34,20,33,39,31,24,31,25,31,35,31,32,36,27,50,34,32,20,24,20,24,19,18,16,83,22,66,57,56,50,60,66,66,52,55,26,89,83,77,52,38,44,62,54,466,444,432,432,552,561,562,523,559,554,552,552,552,521,552,570,712,704,823,818]} 1. e4 c5 2. Nf3 d6 3. Bb5+ Nd7 4. d4 cxd4 5. Qxd4 a6 6. Be2 {B51: Sicilian: Moscow Variation (3 Bb5+) without 3...Bd7} Ngf6 7. O-O e5 8. Qe3 {The position is equal.} Be7 9. c4 O-O 10. Nc3 b6 11. Rd1 Bb7 12. h3 Qc7 $146 ({Predecessor:} 12... Rc8 13. b3 Nc5 14. Nxe5 Nfxe4 15. Nxe4 Nxe4 {0-1 (27) Saric,I (2695)-Salem,A (2660) St Petersburg 2018}) 13. b3 Qc5 14. Qd3 Qc7 {next ...Nc5 is good for Black.} 15. Nd2 Nc5 {[%cal Bd7c5,Bc5e6,Be6d4][%mdl 32]} 16. Qe3 Ne6 17. Bb2 Qc5 18. Qg3 Nd4 19. Qd3 b5 20. Rac1 {[%cal Rc4b5]} Nxe2+ 21. Qxe2 {[%cal Rc4b5]} Qb6 22. a4 {[%cal Rc4b5]} b4 23. Nd5 Nxd5 24. cxd5 a5 (24... Bg5 $11) 25. Nc4 (25. Qb5 $1 $16 {[%cal Rb5b6]} Qxb5 26. axb5) 25... Qa6 26. Qg4 Bc8 27. Qg3 $1 Bd7 28. f4 f6 29. Qf2 $36 {[%mdl 2048] White fights for an advantage.} Bd8 30. Rf1 {[%cal Rf4e5]} exf4 (30... Rc8 $11) 31. Qxf4 $16 Bb6+ 32. Kh1 (32. Kh2 $5 {[%cal Rf4d6]} Bc5 33. Qg3 $14) 32... Bc5 33. Qg3 Kh8 34. Rf4 Qc8 $2 {[%mdl 8192]} ({Black should play} 34... Be8 $1 $14) 35. Rcf1 {White is clearly winning.} Qd8 {[#]} 36. Rxf6 $3 {[%mdl 512]} gxf6 {[#]} (36... Rxf6 37. Rxf6) 37. Qg5 $1 Rf7 {Threatens to win with ...Qe7.} 38. Rxf6 Rg7 {[#] White must now prevent ...Kg8.} 39. Rg6 $1 {[%cal Rg6g7][%mdl 576] Pin} Qxg5 (39... hxg6 40. Qh6+) 40. Bxg7+ Kg8 41. Rxg5 Kf7 42. Bh6 Kf6 43. Rg7 {[%mdl 64] Double Attack} Be8 44. g4 {Accuracy: White = 71%, Black = 40%.} 1-0

[Event "IND-ch Senior Open 2019"]
[Site "Mazitar"]
[Date "2019.12.16"]
[Round "8.2"]
[White "Aravindh, Chithambaram VR."]
[Black "Lalith Babu M R"]
[Result "1/2-1/2"]
[WhiteElo "2605"]
[BlackElo "2556"]
[Annotator "RC"]
[PlyCount "64"]
[EventDate "2018.12.08"]
[EventType "swiss"]
[EventCountry "IND"]
[SourceTitle "playchess.com"]
[Source "ChessBase"]
[SourceQuality "1"]
[TimeControl "40/5400+30:1800+30"]

1. d4 {[%emt 0:00:01]} Nf6 {[%emt 0:00:00]} 2. c4 {[%emt 0:00:14]} e6 {[%emt 0:00:00]} 3. Nc3 {[%emt 0:00:07]} Bb4 {[%emt 0:00:00]} 4. Nf3 {[%emt 0:00:05]} b6 {[%emt 0:00:51]} 5. Bg5 {[%emt 0:00:17]} Bb7 {[%emt 0:00:16]} 6. Nd2 {[%emt 0:00:20]} h6 {[%emt 0:06:39]} 7. Bh4 {[%emt 0:00:19]} Nc6 {[%emt 0:05:58]} 8. e3 {[%emt 0:03:04]} Ne7 {[%emt 0:00:24]} 9. f3 {[%emt 0:32:37]} Nf5 {[%emt 0:06:10]} 10. Bf2 {[%emt 0:00:38]} c5 {[%emt 0:00:06]} 11. Bd3 {[%emt 0:04:20]} O-O {[%emt 0:05:47]} 12. a3 {[%emt 0:04:31]} cxd4 {[%emt 0:00:31]} 13. exd4 {[%emt 0:00:18]} Bxc3 {[%emt 0:07:49]} 14. bxc3 {[%emt 0:00:19]} d5 {[%emt 0:00:48]} 15. c5 {[%emt 0:08:58]} Nd7 {[%emt 0:02:49]} 16. O-O {[%emt 0:00:57]} Qc8 {[%emt 0:00:31]} 17. c4 {[%emt 0:08:51]} bxc5 {[%emt 0:11:23]} 18. Bxf5 {[%emt 0:00:49]} exf5 {[%emt 0:00:25]} 19. Rc1 {[%emt 0:00:07]} Nb6 {[%emt 0:02:28]} 20. Re1 {[%emt 0:05:57]} Rd8 {[%emt 0:02:00]} 21. dxc5 {[%emt 0:01:37]} Nxc4 {[%emt 0:00:11]} 22. Nxc4 {[%emt 0:05:27]} dxc4 {[%emt 0:00:10]} 23. Qa4 {[%emt 0:00:05]} Bd5 {[%emt 0:04:39]} 24. Re7 {[%emt 0:00:36]} a5 {[%emt 0:01:06]} 25. c6 {[%emt 0:04:22]} Qxc6 {[%emt 0:00:33]} 26. Qxc6 {[%emt 0:00:04]} Bxc6 {[%emt 0:00:03]} 27. Rxc4 {[%emt 0:00:06]} Rd1+ {[%emt 0:01:28]} 28. Re1 {[%emt 0:00:08]} Rxe1+ {[%emt 0:00:05]} 29. Bxe1 {[%emt 0:00:05]} Bd7 {[%emt 0:00:13]} 30. Rc7 {[%emt 0:03:33]} Be6 {[%emt 0:00:58]} 31. Rc5 {[%emt 0:00:06]} a4 {[%emt 0:00:09]} 32. Ra5 {[%emt 0:00:26]} Rxa5 {[%emt 0:01:02]} 1/2-1/2

[Event "IND-ch Senior Open 2019"]
[Site "Mazitar"]
[Date "2019.12.16"]
[Round "8.3"]
[White "Gupta, Abhijeet"]
[Black "Anurag, Mhamal"]
[Result "1/2-1/2"]
[WhiteElo "2611"]
[BlackElo "2490"]
[Annotator "TA"]
[PlyCount "106"]
[EventDate "2018.12.08"]
[EventType "swiss"]
[EventCountry "IND"]
[SourceTitle "playchess.com"]
[Source "ChessBase"]
[SourceQuality "1"]

{[%evp 9,106,33,58,27,29,31,29,23,33,32,41,31,29,37,50,49,69,61,67,60,63,63,68,56,56,58,49,62,91,88,89,88,92,91,96,97,91,78,104,90,89,68,132,48,48,48,50,48,56,48,55,39,39,28,28,29,68,0,0,0,0,0,0,0,8,8,8,0,8,8,145,0,0,0,0,0,0,0,0,0,0,0,0,0,0,0,0,0,0,0,0,0,0,0,0,0,0,0,0]} 1. d4 g6 2. e4 Bg7 3. c4 e6 4. Nc3 Ne7 5. Nf3 d5 6. e5 {A40: Unusual replies to 1 d4} c5 7. dxc5 Nd7 $146 ({Predecessor:} 7... O-O 8. Be2 Nbc6 9. Bf4 Qa5 10. O-O dxc4 11. Ne4 Nd5 12. Qc1 {0-1 (60) Wang,H (2707)-Maghsoodloo,P (2615) Sharjah 2018}) 8. Bg5 {[%cal Rc4d5] White has an edge.} Nxe5 9. cxd5 exd5 10. Bb5+ N5c6 $1 11. O-O O-O $1 12. Re1 {Strongly threatening Bxc6.} h6 13. Bf4 $36 {[%mdl 2048] White fights for an advantage.} Bg4 14. Bd6 Re8 15. Nxd5 Nxd5 16. Rxe8+ $1 Qxe8 17. Qxd5 Bxb2 18. Re1 Qd7 19. Qd2 Bg7 20. Ne5 Bxe5 21. Rxe5 {[#] aiming for h3.} Re8 22. Rxe8+ Qxe8 23. h3 ({But not} 23. Qxh6 $6 Qe1+ 24. Bf1 Be6 $11) 23... Be6 24. Qxh6 Bxa2 {next ...Qe1+ is good for Black.} 25. Kh2 Qe6 {[#]} ({Black should play} 25... Bd5 $14) 26. Bxc6 (26. f4 $1 $16 Ne7 27. Bd3) 26... bxc6 $14 27. f4 Qf5 $1 28. Qf8+ Kh7 29. Qe7 g5 30. fxg5 Bd5 {( -> ...Qf2!)} 31. Qe3 Kg6 32. Bf4 a5 33. Qg3 (33. g4 $14 Qc2+ 34. Kg3) 33... Qe4 $11 34. Bc1 a4 35. Bb2 Kf5 36. Bc1 Qe5 37. Qxe5+ Kxe5 {[%mdl 4096] Endgame KB-KB} 38. g4 Ke6 39. Bb2 a3 (39... Ba2 $11) 40. Bf6 (40. Bxa3 $16 {Threatens to win with Kg3.} Ke5 41. Kg3) 40... Be4 {The position is equal.} 41. Kg3 a2 42. Kf4 Kd5 43. h4 Bh7 44. Ba1 Kxc5 45. Ke5 Kb4 46. h5 {Hoping for Kf6.} c5 47. Kd5 Bd3 48. h6 c4 {...c3 is the strong threat.} 49. Kd4 Bg6 50. Bc3+ $1 Kb3 51. Ba1 Kb4 52. Bc3+ Kb3 53. Ba1 Kb4 {Accuracy: White = 77%, Black = 63%.} 1/2-1/2

[Event "IND-ch Senior Open 2019"]
[Site "Mazitar"]
[Date "2019.12.16"]
[Round "8.4"]
[White "Vignesh N R"]
[Black "Ghosh, Diptayan"]
[Result "1/2-1/2"]
[WhiteElo "2475"]
[BlackElo "2555"]
[Annotator "TA"]
[PlyCount "50"]
[EventDate "2018.12.08"]
[EventType "swiss"]
[EventCountry "IND"]
[SourceTitle "playchess.com"]
[Source "ChessBase"]
[SourceQuality "1"]

{[%evp 10,50,19,15,27,27,27,23,18,12,27,17,25,1,16,0,7,7,4,-20,36,31,12,11,37,30,41,33,29999,0,29999,-1,29999,39,29999,-74,-79,-89,-64,-62,-68,-60,-61]} 1. e4 e6 2. d4 d5 3. Nd2 c5 4. exd5 Qxd5 5. Ngf3 cxd4 6. Bc4 Qd7 {C07: French Tarrasch: 3...c5, 4 Ngf3 and 4 exd5 Qxd5} (6... Qd6 7. O-O Nf6 8. Nb3 Nc6 9. Nbxd4 Nxd4 10. Nxd4 a6 11. Re1 Qc7 12. Bf1 Be7 13. Qf3 O-O 14. Bf4 Bd6 15. Bxd6 Qxd6 16. Rad1 Qc7 17. c4 Rb8 18. Qg3 Qxg3 19. hxg3 Bd7 {½-½ (61) Karjakin,S (2773)-Duda,J (2737) chess.com INT 2018}) 7. O-O Nc6 8. Nb3 {[%cal Rb3d4]} a6 {White has an edge.} 9. Nbxd4 Nxd4 10. Nxd4 Qc7 11. Bd3 Bd6 12. Qh5 Nf6 13. Qh4 Bd7 14. b4 b6 $146 (14... Nd5 $11) ({Predecessor:} 14... Nd5 15. a3 Nf4 16. Bb2 Nxd3 17. cxd3 {1-0 (40) Nery Junior,J (2134)-Cruz,W (2248) Florianopolis 2018}) 15. Rb1 Nd5 16. Bd2 Nf4 17. Bxf4 Bxf4 18. Rfe1 $40 {[%mdl 128] White has some attack.} O-O $2 {[%mdl 8192] [#]} (18... h6 $14) 19. g3 $2 (19. Qxh7#) 19... Bd2 $2 {[%mdl 8192]} (19... Bh6 $11) 20. Red1 $2 (20. Qxh7#) 20... Bc3 $2 {[%mdl 8192]} (20... Bh6 $11) 21. Ne2 $2 (21. Qxh7#) 21... Bf6 $2 {[%mdl 8192]} (21... h6 $14) 22. Qe4 $2 {[#]} (22. Qxh7# {mates}) 22... g6 $17 23. h4 h5 24. Qf3 Bg7 25. c4 Ba4 {Accuracy: White = 24%, Black = 28%.} 1/2-1/2

[Event "IND-ch Senior Open 2019"]
[Site "Mazitar"]
[Date "2019.12.16"]
[Round "8.4"]
[White "Vignesh N R"]
[Black "Ghosh, Diptayan"]
[Result "*"]
[WhiteElo "2475"]
[BlackElo "2555"]
[Annotator "TA"]
[PlyCount "31"]
[EventDate "2018.12.08"]
[EventType "swiss"]
[EventCountry "IND"]
[SourceTitle "playchess.com"]
[Source "ChessBase"]
[SourceQuality "1"]

{[%evp 10,26,27,27,26,17,29,10,30,22,12,9,25,16,20,0,0,0,-4]} 1. e4 e6 2. d4 d5 3. Nd2 c5 4. exd5 Qxd5 5. Ngf3 cxd4 6. Bc4 Qd7 {C07: French Tarrasch: 3...c5, 4 Ngf3 and 4 exd5 Qxd5} 7. O-O Nc6 8. Nb3 {[%cal Rb3d4]} a6 9. Nbxd4 Nxd4 10. Nxd4 Qc7 11. Bd3 Bd6 {The position is equal.} 12. Qh5 Nf6 13. Qh4 Bd7 {[#]} {Predecessor:} 14. Rb1 $146 h6 15. b4 Be5 16. Nf3 {0-1 (69) Guseinov,G (2667)-Predojevic,B (2616) Porto Carras 2018} *

[Event "IND-ch Senior Open 2019"]
[Site "Mazitar"]
[Date "2019.12.16"]
[Round "8.5"]
[White "Grahesh Y"]
[Black "Chanda, Sandipan"]
[Result "0-1"]
[WhiteElo "2029"]
[BlackElo "2545"]
[Annotator "TA"]
[PlyCount "43"]
[EventDate "2018.12.08"]
[EventType "swiss"]
[EventCountry "IND"]
[SourceTitle "playchess.com"]
[Source "ChessBase"]
[SourceQuality "1"]

{[%evp 16,43,22,26,25,23,43,9,24,0,18,0,43,33,120,20,27,0,16,18,42,34,49,36,30,27,52,0,67,-49]} 1. c4 f5 2. g3 Nf6 3. Bg2 g6 4. Nc3 Bg7 5. d3 O-O 6. e4 d6 7. Nge2 c6 8. O-O e5 9. exf5 Bxf5 {A21: English Opening: 1...e5 2 Nc3} 10. d4 (10. h3 h5 11. Bg5 Na6 12. Qd2 Qd7 13. Kh2 Rae8 14. Rad1 Nc5 15. Qe3 Ne6 16. Bxf6 Bxf6 17. Ne4 {½-½ (45) Carlsen,M (2832)-Guseinov,G (2645) chess.com INT 2017}) 10... Na6 11. a3 Qe7 $146 {The position is equal.} ({Predecessor:} 11... Qc8 12. Bg5 Bh3 13. dxe5 dxe5 14. Bxf6 Bxf6 15. Ne4 Bxg2 16. Kxg2 Be7 17. N2c3 {1-0 (54) Testor,S (2262)-Bintakies,M (2206) Bayern 2013}) 12. h3 h5 13. Be3 Qf7 14. d5 c5 {[#]} (14... Rfd8 $14) 15. f4 ({White should play} 15. f3 $1 $16) 15... e4 16. Rb1 Qd7 17. Kh2 $1 Kf7 18. Qd2 Rh8 19. Rh1 b6 20. b4 Nc7 21. a4 ({White should try} 21. Rhc1 $14) 21... Nce8 (21... Na6 $11) 22. Qc1 {Accuracy: White = 23%, Black = 17%.} ({Better is} 22. Rhe1 $14) 0-1

[Event "IND-ch Senior Open 2019"]
[Site "Mazitar"]
[Date "2019.12.17"]
[Round "9.1"]
[White "Chanda, Sandipan"]
[Black "Vaibhav, Suri"]
[Result "1-0"]
[WhiteElo "2545"]
[BlackElo "2597"]
[Annotator "TA"]
[PlyCount "87"]
[EventDate "2018.12.08"]
[EventType "swiss"]
[EventCountry "IND"]
[SourceTitle "playchess.com"]
[Source "ChessBase"]
[SourceQuality "1"]

{[%evp 17,87,0,0,0,0,0,0,0,8,0,21,20,57,55,63,59,67,53,66,61,90,52,41,51,41,41,79,70,74,75,55,52,136,136,193,193,193,201,310,97,97,113,337,322,555,558,532,479,506,445,1043,1111,865,864,862,783,769,733,12814,12823,12066,12162,8850,7973,7131,7111,6754,6657,6574,6406,29994,29995]} 1. d4 Nf6 2. c4 e6 3. Nc3 Bb4 4. e3 O-O 5. Bd2 d5 6. Nf3 b6 7. cxd5 exd5 8. Bd3 Bb7 9. O-O Bd6 10. Qb1 {E52: Nimzo-Indian: Rubinstein: 4...0-0 5 Nf3 d5 6 Bd3 b6} (10. Rc1 c5 11. Ne5 Nc6 12. Ng4 Nxg4 13. Qxg4 c4 14. Bb1 Ne7 15. Nb5 f5 16. Qe2 a6 17. Nxd6 Qxd6 18. f3 b5 19. Be1 Ng6 20. Ba5 Ne7 21. Be1 Ng6 22. Ba5 Ne7 23. Be1 {½-½ (23) Nakamura,H (2743)-Giri,A (2779) Saint Louis 2019}) 10... Re8 11. b4 a6 12. Rc1 {The position is equal.} Nbd7 13. a4 Nf8 $146 ({Predecessor:} 13... Ne4 14. Be1 Qe7 15. b5 a5 16. Ne2 Ndf6 17. Qb3 Rac8 {0-1 (45) Taylor,B (2166)-Anikeev,V (2269) ICCF email 2016}) 14. b5 a5 15. Rc2 Ne4 16. Bc1 g5 17. Ba3 g4 {...Bxa3 is the strong threat.} 18. Bxd6 cxd6 19. Bxe4 (19. Ne1 {keeps more tension.} Rc8 20. Qb2 Qd7 21. Rac1 Ne6 22. Qb3) 19... dxe4 20. Nd2 d5 21. Qd1 h5 22. Ne2 Ne6 23. Nf1 Qg5 24. Rac1 Rac8 (24... Re7 $14) 25. Rxc8 $1 $16 Rxc8 (25... Bxc8 $16 {keeps fighting.} 26. Rc6 Qd8) 26. Rxc8+ $18 Bxc8 {[#]} 27. Qc1 $1 {[%cal Rc1c8]} Bd7 {[#]} (27... Bb7 $142 28. Nf4 Qe7) 28. Nf4 $2 (28. Qa3 $1 $18) 28... Nxf4 $16 29. exf4 Qf6 $2 (29... Qd8 $16) 30. Qc7 $18 Bxb5 $2 (30... Bf5 31. Ne3 Qxd4) 31. axb5 Qxd4 32. Qd8+ Kg7 33. f5 a4 (33... Qf6 $142 34. Qxd5 a4) 34. Qg5+ {[%mdl 64] Double Attack} Kf8 35. f6 {And now Qg7+ would win.} Qc5 36. Qe5 {Threatening mate with Qb8+.} Kg8 37. Qxh5 a3 38. Qh6 {[%csl Gf6][%cal Rh6g7]} Qf8 39. Qg5+ {[%mdl 64] Double Attack} Kh7 40. Qh5+ Kg8 41. Qxg4+ Kh7 42. Qh5+ Kg8 43. Qxd5 Qb4 44. Qg5+ {Accuracy: White = 77%, Black = 40%.} 1-0

[Event "IND-ch Senior Open 2019"]
[Site "Mazitar"]
[Date "2019.12.17"]
[Round "9.2"]
[White "Ghosh, Diptayan"]
[Black "Aravindh, Chithambaram VR."]
[Result "0-1"]
[WhiteElo "2555"]
[BlackElo "2605"]
[Annotator "TA"]
[PlyCount "96"]
[EventDate "2018.12.08"]
[EventType "swiss"]
[EventCountry "IND"]
[SourceTitle "playchess.com"]
[Source "ChessBase"]
[SourceQuality "1"]

{[%evp 17,114,55,91,92,92,97,98,99,95,80,83,70,80,66,70,72,105,93,140,61,87,57,84,61,75,56,59,58,92,58,103,100,111,110,98,96,94,95,108,91,95,72,86,63,85,72,78,56,74,18,18,16,21,13,8,20,16,0,0,0,0,0,0,0,0,0,0,-9,0,-96,-97,-347,-341,-320,-325,-754,-745,-745,-738,-693,-677,-533,-475,-466,-414,-449,-238,-29982,-29983,-29982,-29983,-29990,-29983,-29991,-29992,-29992,-29993,-29993,-29994]} 1. d4 Nf6 2. c4 g6 3. Nc3 Bg7 4. e4 d6 5. Be2 O-O 6. Be3 Nbd7 7. Nf3 e5 8. O-O c6 9. d5 c5 10. Bg5 {E94: King's Indian: Classical: 6 Be2 e5 7 0-0: Various Black 7th moves} h6 {aiming for ...Qb6.} 11. Bd2 Ne8 (11... a6 12. Qc1 Kh7 13. Ne1 Qe7 14. Nc2 Ng8 15. Ne3 h5 16. a3 Bh6 17. b4 a5 {1-0 (58) Cheparinov,I (2711)-Kozul,Z (2612) Zagreb 2018}) 12. Qc1 {White is better.} Kh7 13. g3 Ndf6 14. Nh4 {[#]} Bh3 $146 ({Predecessor:} 14... Bd7 15. a3 Ng8 16. b4 Ne7 17. Rb1 b6 {1-0 (43) Can,E (2561)-Onischuk,V (2601) Budapest 2017}) 15. Re1 Ng8 16. Bd3 h5 17. Nd1 Bh6 18. Ne3 (18. f4 $16) 18... Ng7 19. b4 b6 20. a4 {[%cal Ba2a4,Ba4a5][%mdl 32]} Nf6 21. a5 cxb4 22. Bxb4 Ng4 23. Bd2 Nxe3 24. Bxe3 Bxe3 25. Qxe3 bxa5 26. c5 dxc5 27. Nf3 f6 28. Qxc5 Rc8 29. Qxa7 Ra8 30. Qe3 Rf7 31. Nd2 Rb7 32. Nc4 a4 33. Ra3 (33. Reb1 $16 Rxb1+ 34. Rxb1 (34. Bxb1 Ne6 $11 {[%mdl 64] Back Rank})) 33... Qc7 $11 34. Rc1 Rb4 35. f4 Qe7 36. Rac3 Rb3 37. fxe5 Rxc3 38. Rxc3 {Strongly threatening exf6.} fxe5 39. Bf1 Bxf1 40. Kxf1 Qb4 {Hoping for ...Rc8.} 41. Na3 Rb8 42. Kg2 Rb7 43. Kh3 (43. Rc6 $11 {remains equal.}) 43... Ne8 $17 44. Rc4 $2 (44. Rc6 $17 Nd6 45. Kg2) 44... Qf8 $19 {...Qf1+ is the strong threat.} 45. Rc1 Rb3 46. Qa7+ $2 (46. Qg5 Rxa3 47. Rc6) 46... Ng7 47. Nc4 Qf4 48. Re1 g5 {Played: Rb3-c3} 0-1

[Event "IND-ch Senior Open 2019"]
[Site "Mazitar"]
[Date "2019.12.17"]
[Round "9.3"]
[White "Akash G"]
[Black "Vishnu Prasanna. V"]
[Result "1/2-1/2"]
[WhiteElo "2431"]
[BlackElo "2493"]
[Annotator "TA"]
[PlyCount "81"]
[EventDate "2018.12.08"]
[EventType "swiss"]
[EventCountry "IND"]
[SourceTitle "playchess.com"]
[Source "ChessBase"]
[SourceQuality "1"]

{[%evp 23,81,4,6,9,22,0,0,0,0,-5,-8,-19,0,0,0,0,0,0,0,0,0,0,0,0,0,0,0,0,0,-5,0,-18,0,0,0,-17,-8,-8,-16,-8,0,0,0,0,0,0,2,0,0,0,0,0,10,10,18,0,0,0,0,0]} 1. e4 e6 2. d4 d5 3. Nd2 c5 4. exd5 Qxd5 5. Ngf3 cxd4 6. Bc4 Qd7 7. O-O Nc6 8. Nb3 a6 9. a4 Nf6 10. Nbxd4 Nxd4 11. Qxd4 Qxd4 12. Nxd4 Bd7 {The position is equal.} 13. c3 {C07: French Tarrasch: 3...c5, 4 Ngf3 and 4 exd5 Qxd5} Bc5 14. Nf3 {[#]} Bc6 $146 ({Predecessor:} 14... Rc8 15. Bb3 Bc6 16. Ne5 Be4 17. Bg5 h6 18. Bh4 g5 19. Bg3 h5 20. h4 gxh4 21. Bxh4 {0-1 (49) Terbe,J (2259)-Fridman,D (2633) Katowice 2017}) 15. Ne5 Bd5 16. Bxd5 (16. Be2 {feels hotter.} Ke7 17. b4 Bd6 18. f4 Be4 19. Nc4) 16... Nxd5 17. Nd3 Be7 18. c4 Nb4 19. Nxb4 Bxb4 20. Rd1 Ke7 21. Be3 Rhc8 22. b3 Bc5 23. a5 Bxe3 24. fxe3 $11 {[%mdl 4096] Endgame KRR-KRR} Rc5 25. Kf2 h5 26. Ke2 Rg5 27. Kf3 Rf5+ 28. Ke2 $1 Rg5 29. Kf3 Rc8 30. Rd4 Rcc5 31. b4 Rc7 32. Rc1 e5 33. Rd5 Ke6 34. Rd8 Ke7 35. Rd5 e4+ 36. Kxe4 Rxg2 37. Rxh5 Rb2 38. Rc5 Rd7 39. Rg1 g6 40. h4 Rxb4 41. h5 {Accuracy: White = 78%, Black = 73%.} 1/2-1/2